000 00318nam a22001337a 4500
020 _qHB.
040 _cFIZZA ISHAQ
082 _a512.9
_bRIC
100 _aNATION,RICHARD N.
_9131685
245 _aCollege Algebra /
_cRICHARD N. NATION.
260 _aUSA:
_bNew Jersey,
_c1990.
300 _a481 P. ;
942 _2ddc
_cBK
999 _c615293
_d615293